| 000 | 00586nam a2200181Ia 4500 | ||
|---|---|---|---|
| 003 | GCL | ||
| 008 | 140319s9999 xx 000 0 ara d | ||
| 040 |
_aGCL / _cGCL |
||
| 082 | 0 | 4 |
_a823.03 _bش ش |
| 100 | 1 | _aمنير البعلبكى | |
| 245 | 1 | 0 |
_aشارع السردين المعلب / _cمنير البعلبكى |
| 700 | 1 | _aشتاينبيك، جون | |
| 300 | _a274 ص | ||
| 490 |
_aالهيئة العامة للاستعلامات _v0 |
||
| 650 | 0 | 4 | _aالقصص الامريكية المترجمة |
| 650 | 0 | 4 | _aالادب الامريكى المترجم |
| 942 |
_2ddc _cBK |
||
| 999 |
_c47457 _d47457 |
||